| 000 | 01296nam a22002657a 4500 | ||
|---|---|---|---|
| 005 | 20170124102932.0 | ||
| 010 | _aA-927165 | ||
| 020 |
_c200.00 _a8171193382 |
||
| 035 | _aA-927165 | ||
| 037 | _bCen Lib/Ret | ||
| 040 |
_aDPL _bHN |
||
| 082 |
_a420 _bरामप्र |
||
| 100 |
_aरामप्रकाश _945369 |
||
| 245 |
_aप्रयोजनमूलक हिंदी : _cरामप्रकाश [एवं] दिनेश गुप्त _bसंरचना एवं अनुप्रयोग / |
||
| 246 |
_aPrayojanmoolak hindi : sanrachna ewam anuprayog / _bby Ramprakash [and] Dinesh Gupta |
||
| 260 |
_bराधाकृष्ण प्रकाशन _aनई दिल्ली _c1997 |
||
| 270 |
_a2/38, अंसारी रोड, दरियागंज _bनई दिल्ली _e110002 |
||
| 300 |
_a323पृ. _c21सेमी (सजिल्द) |
||
| 650 |
_aप्रयोजनमूलक हिंदी _95395 |
||
| 650 |
_aहिंदी संरचना -- स्वरुप और स्तर _945370 |
||
| 650 |
_aFunctional Hindi _945371 |
||
| 650 |
_aHindi structure - the nature and level _945372 |
||
| 700 |
_aगुप्त, दिनेश _945368 |
||
| 942 |
_2ddc _cHN _h420 _mरामप्र |
||
| 999 |
_c111988 _d111988 |
||